Moto Puma /

Guillermo Galindez, extrabajador de IAME, restaura una moto Puma para su nieta con la ayuda de los integrantes del Motoclub. Durante el proceso de restauración, ingenieros y técnicos reconstruyen la historia de esta moto que le dio movilidad a la clase trabajadora.

Guardado en:
Autor Principal: Lacolla, Fernando
Autores Corporativos: Canal Encuentro., INCAA., Ministerio de Educación de la Nación.
Formato: Deslizar
Publicado: Argentina, 2015
Series:Inoxidables, íconos De La Industria Cordobesa
Materias:
Acceso en línea:https://www.youtube.com/watch?v=QnPu2TZaYks&list=PLZ6TIj4tHEIs9YW9EL5OggbWrP9W-%5Fy%5F4&index=2
Etiquetas: Agregar Etiqueta
Sin Etiquetas, Sea el primero en etiquetar este registro!
LEADER 01271ngm a22003255g 4500
001 CEM.cems024122
008 130507s2015##################0###0#####d
005 20250825150055.0
245 1 0 |a Moto Puma /  |c Fernando Lacolla. 
260 |a Argentina,  |c 2015 
300 |a 26'. 
490 0 |a Inoxidables, íconos De La Industria Cordobesa 
538 |a Soporte: DVD - Grabación DRD 
500 |a Consultar en ventanilla. 
520 |a Guillermo Galindez, extrabajador de IAME, restaura una moto Puma para su nieta con la ayuda de los integrantes del Motoclub. Durante el proceso de restauración, ingenieros y técnicos reconstruyen la historia de esta moto que le dio movilidad a la clase trabajadora. 
100 1 |a Lacolla, Fernando 
710 2 |a Canal Encuentro. 
710 2 |a INCAA. 
710 2 |a Ministerio de Educación de la Nación. 
082 6 7 |/ LAC 
653 |a INDUSTRIA 
653 |a INDUSTRIA AUTOMOTRIZ 
653 |a HISTORIA 
653 |a PERONISMO 
653 |a MOTOS 
653 |a IAME 
653 |a HISTORIA ARGENTINA 
653 |a PROGRAMA DE TELEVISIÓN 
856 |u https://www.youtube.com/watch?v=QnPu2TZaYks&list=PLZ6TIj4tHEIs9YW9EL5OggbWrP9W-%5Fy%5F4&index=2 
859 |a CEMS  |b BIB. CEMS - Depto. Recursos Didacticos  |h 670  |i LAC  |k DRD  |p 2765.19  |t Ej.1